A-Z Spelling Bee Quiz Stats

 Plays Quiz Updated Jan 25, 2012

Challenge
Share
Tweet
Embed
Score 0/26 Timer 08:00
6 Plays Today
Hint A to Z Answer % Correct
Boston is its capitalMassachusetts
85.5%
'Taco Bell' dog breedChihuahua
72.5%
Ancient Egyptian writing systemHieroglyph
68.2%
Arnold the 'Terminator'Schwarzenegger
61.4%
Mrs. Kennedy OnassisJacqueline
61.2%
James, the 15th US presidentBuchanan
61%
The Hunchback of Notre DameQuasimodo
60.1%
Crane in 'The Legend of Sleepy Hollow'Ichabod
58.9%
Largest city in New MexicoAlbuquerque
57.7%
Gold, Myrrh, and...Frankincense
53.6%
Renée from 'Jerry Maguire'Zellweger
52.5%
'Weiner' dog breedDachshund
52%
Actor Jake from 'Brokeback Mountain'Gyllenhaal
51.7%
Hint A to Z Answer % Correct
A fictitious name (starts with a silent letter)Pseudonym
51.3%
Amerigo the explorerVespucci
49.7%
'The Sound of Music' flowerEdelweiss
40.6%
Tiny Tim's instrumentUkulele
39.3%
'Swan Lake' composer Peter (Pyotr)Tchaikovsky
38.6%
PM of Israel, BenjaminNetanyahu
38.1%
'The French ___________'s Woman'- movieLieutenant
37.5%
A sound word like 'oink' or 'buzz'Onomatopoeia
36.7%
Sporcle's infamous countryKyrgyzstan
35.1%
1980 Newton-John flickXanadu
32.9%
Jewish skullcapYarmulke
31.8%
'Blue Velvet' actress IsabellaRossellini
27.1%
Sex Dr. RuthWestheimer
21.9%

You're not logged in!

Compare scores with friends on all Sporcle quizzes.
Join for Free
OR
Log In

You Might Also Like...

Show Comments

Extras

Top Quizzes Today


Score Distribution

Your Account Isn't Verified!

In order to create a playlist on Sporcle, you need to verify the email address you used during registration. Go to your Sporcle Settings to finish the process.

Report this User

Report this user for behavior that violates our Community Guidelines.

Details: